00506nam a22001577a 450000500170000000800410001708200170005810000170007524500350009226000380012730000130016550000600017894200060023895200890024499900150033320250509075858.0250509b |||||||| |||| 00| 0 eng d 222a894bPEN aPrema, R, Dr aPen - Marabilum Ilakkiyathilum aChennaibTamil Puthakalayamc2001 a144 p ., aWomen - in Tradition and Literature - Articles in Tamil cL 001040708LaWERCLbWERCLd2025-05-09l0o894 PENp6241r2025-05-09w2025-05-09yL c6042d6042